000 00916nam a2200253Ia 4500
003 OSt
005 20220923221925.0
006 a|||||r|||| 00| 0
007 ta
008 220922b |||||||| |||| 00| 0 kan d
024 _a201,113
037 _cTextual
040 _aARTS
_cARTS
_bkan
041 _2kan
_akan
082 _aO33vN5, 152K4
100 _aदक्षिणामूर्ति, एन एस
245 0 _aकर्नाटक और उसका साहित्य
246 _aKarnāṭak aur usakā sāhitya
260 _aबेंगलोर
_b मैसूर रियासत हिन्दी प्रचार समिति
_c1964
300 _a224पृ0
_ccm.
650 _aकन्नड़ साहित्य
_9156264
942 _hO33vN5, 152K4
_cTEXL
_2CC
999 _c352767
_d352767